Integrated approach to coordination chemistry: an inorganic laboratory guide (Record no. 1212511)
[ view plain ]
| 000 -LEADER | |
|---|---|
| fixed length control field | 01152nam a2200301Ia 4500 |
| 003 - CONTROL NUMBER IDENTIFIER | |
| control field | OSt |
| 005 - DATE AND TIME OF LATEST TRANSACTION | |
| control field | 20221007123819.0 |
| 008 - FIXED-LENGTH DATA ELEMENTS--GENERAL INFORMATION | |
| fixed length control field | 221006b |||||||| |||| 00| 0 eng d |
| 020 ## - INTERNATIONAL STANDARD BOOK NUMBER | |
| International Standard Book Number | 9780471464839 (hbd) |
| 037 ## - SOURCE OF ACQUISITION | |
| Terms of availability | Textbook |
| 040 ## - CATALOGING SOURCE | |
| Original cataloging agency | CDL |
| Transcribing agency | CDL |
| Language of cataloging | eng |
| 041 ## - LANGUAGE CODE | |
| Source of code | eng |
| Language code of text/sound track or separate title | eng |
| 100 ## - MAIN ENTRY--PERSONAL NAME | |
| Personal name | Marusak Rosemary A |
| 9 (RLIN) | 717910 |
| 245 #0 - TITLE STATEMENT | |
| Title | Integrated approach to coordination chemistry: an inorganic laboratory guide |
| Remainder of title | Doan Kate Cummings Scott D |
| 260 ## - PUBLICATION, DISTRIBUTION, ETC. | |
| Place of publication, distribution, etc. | New |
| Name of publisher, distributor, etc. | Jersey John Wiley |
| Date of publication, distribution, etc. | 2007 |
| 300 ## - PHYSICAL DESCRIPTION | |
| Extent | xxi, 266p. |
| Dimensions | cm. |
| 500 ## - GENERAL NOTE | |
| General note | Includes bibliographical references.; Appendix 1-6, 230-289p; Index 260-266p. |
| 650 ## - SUBJECT ADDED ENTRY--TOPICAL TERM | |
| Topical term or geographic name entry element | Coordination chemistry |
| 9 (RLIN) | 717911 |
| 650 ## - SUBJECT ADDED ENTRY--TOPICAL TERM | |
| Topical term or geographic name entry element | Chemistry |
| 700 ## - ADDED ENTRY--PERSONAL NAME | |
| Personal name | Cummings Scott D |
| 9 (RLIN) | 717912 |
| 700 ## - ADDED ENTRY--PERSONAL NAME | |
| Personal name | Doan Kate |
| 9 (RLIN) | 717913 |
| 942 ## - ADDED ENTRY ELEMENTS (KOHA) | |
| Classification part | EM, P7-;1 Carc |
| Koha item type | Textbook |
| Source of classification or shelving scheme | Colon Classification (CC) |
| Withdrawn status | Lost status | Source of classification or shelving scheme | Damaged status | Not for loan | Home library | Current library | Date acquired | Source of acquisition | Total Checkouts | Full call number | Barcode | Date last seen | Price effective from | Koha item type |
|---|---|---|---|---|---|---|---|---|---|---|---|---|---|---|
| Colon Classification (CC) | Department of Chemistry Library | Department of Chemistry Library | 2022-10-07 | EBA/501/2007-08/8, 04/10/2007, Educational Book Agency (India) | EM P7-;1 Carc | CD0007469 | 2022-10-07 | 2022-10-07 | Textbook |
